Investigar la ciudad : proyectos de investigación participativa en la escuela /
Guardado en:
| Autor Principal: | |
|---|---|
| Formato: | Libro |
| Publicado: |
Buenos Aires :
Aique
|
| Series: | Carrera docente / dirigida por Susana Pironio
|
| Materias: | |
| Etiquetas: |
Agregar Etiqueta
Sin Etiquetas, Sea el primero en etiquetar este registro!
|
| LEADER | 00881nam a22002295a 4500 | ||
|---|---|---|---|
| 001 | CEM.cems011055 | ||
| 005 | 20071205164940.0 | ||
| 008 | 130507b######################000#0#####d | ||
| 003 | CEMS | ||
| 020 | |a 9507018816 | ||
| 082 | 0 | 4 | |a 371.3 |
| 100 | 1 | |a Sevilla, Beatriz Susana | |
| 245 | 1 | 0 | |a Investigar la ciudad : |b proyectos de investigación participativa en la escuela / |c Beatriz Susana Sevilla |
| 260 | |a Buenos Aires : |b Aique | ||
| 300 | |a 218 p. | ||
| 490 | 0 | |a Carrera docente / dirigida por Susana Pironio | |
| 500 | |a Acompaña a la edición impresa un Cd-rom con las experiencias realizadas | ||
| 505 | 0 | |a La investigación en la escuela -- Los proyectos en la escuela -- Escuela, información y comunicación -- La ciudad -- Evaluación | |
| 653 | |a Educación | ||
| 653 | |a Didáctica | ||
| 653 | |a Aprendizaje | ||
| 859 | |a CEMS |b BIB. CEMS - 11 de abril |h 371.3 |i Se84 |p 21838.02 |t Ej.1 | ||
